<?xml version="1.0" encoding="UTF-8"?><?xml-stylesheet type="text/xsl" href="static/style.xsl"?><OAI-PMH xmlns="http://www.openarchives.org/OAI/2.0/" xmlns:xsi="http://www.w3.org/2001/XMLSchema-instance" xsi:schemaLocation="http://www.openarchives.org/OAI/2.0/ http://www.openarchives.org/OAI/2.0/OAI-PMH.xsd"><responseDate>2026-04-13T06:54:58Z</responseDate><request verb="GetRecord" identifier="oai:www.recercat.cat:2072/474092" metadataPrefix="marc">https://recercat.cat/oai/request</request><GetRecord><record><header><identifier>oai:recercat.cat:2072/474092</identifier><datestamp>2024-11-04T07:26:11Z</datestamp><setSpec>com_2072_98</setSpec><setSpec>col_2072_378192</setSpec></header><metadata><record xmlns="http://www.loc.gov/MARC21/slim" xmlns:dcterms="http://purl.org/dc/terms/" xmlns:xsi="http://www.w3.org/2001/XMLSchema-instance" xmlns:doc="http://www.lyncode.com/xoai" xsi:schemaLocation="http://www.loc.gov/MARC21/slim http://www.loc.gov/standards/marcxml/schema/MARC21slim.xsd">
   <leader>00925njm 22002777a 4500</leader>
   <datafield ind2=" " ind1=" " tag="042">
      <subfield code="a">dc</subfield>
   </datafield>
   <datafield ind2=" " ind1=" " tag="720">
      <subfield code="a">Reyes Rodríguez, Antonia</subfield>
      <subfield code="e">author</subfield>
   </datafield>
   <datafield ind2=" " ind1=" " tag="720">
      <subfield code="a">Rey Martín, Carina</subfield>
      <subfield code="e">author</subfield>
   </datafield>
   <datafield ind2=" " ind1=" " tag="720">
      <subfield code="a">Balagué, Núria</subfield>
      <subfield code="e">author</subfield>
   </datafield>
   <datafield ind2=" " ind1=" " tag="260">
      <subfield code="c">2021</subfield>
   </datafield>
   <datafield ind2=" " ind1=" " tag="520">
      <subfield code="a">El Net Promotor Score (NPS) s'utilitza en els negocis per mesurar la disposició dels clients a recomanar el producte, servei o empresa en el seu conjunt als seus amics o companys. Introduït per Fred Reichheld el 2003, l'NPS pot respondre a la necessitat de les biblioteques de trobar mètodes fàcils i no treballosos per avaluar l'experiència dels clients. Pot dirigir-se a la biblioteca com un tot o a serveis crítics, que són els més rellevants per als objectius principals de la biblioteca. No obstant això, la literatura sobre l'ús de l'NPS en organitzacions del sector públic és escassa. Aquest article n'examina la viabilitat des de l'anàlisi dels usos observats en l'entorn bibliotecari europeu i l'explicació d'una experiència desenvolupada en l'àmbit de l'avaluació.</subfield>
   </datafield>
   <datafield ind2=" " ind1=" " tag="520">
      <subfield code="a">El Net Promoter Score (NPS) se utiliza en los negocios para medir la disposición de los clientes a recomendar el producto, servicio o empresa en su conjunto a sus amigos o colegas. Introducido por Fred Reichheld en 2003, el NPS puede responder a la necesidad de las bibliotecas de encontrar métodos fáciles y no trabajosos para evaluar la experiencia de los clientes. Puede dirigirse a la biblioteca como un todo o a servicios críticos que son los más relevantes para los objetivos principales de la biblioteca. Sin embargo, la literatura sobre el uso del NPS en organizaciones del sector público es escasa. Este artículo examina su viabilidad desde el análisis de los usos observados en el entorno bibliotecario europeo y la explicación de una experiencia desarrollada en el ámbito de la evaluación.</subfield>
   </datafield>
   <datafield ind2=" " ind1=" " tag="520">
      <subfield code="a">The Net Promoter Score (NPS) is used in businesses to measure customers' willingness to recommend the product, service or company as a whole to their friends and colleagues. Introduced by Fred Reichheld in 2003, the NPS could be the answer to the need that libraries have to evaluate customer experience using easy, non-labour-intensive methods. The NPS can be applied to the library as a whole or target specific services that are most relevant to the library's primary goals. However, there is very little literature on the use of the NPS in public sector organizations. This article examines its viability by analysing the uses observed in the European library environment and by discussing an experience carried out in the assessment field.</subfield>
   </datafield>
   <datafield ind1="8" ind2=" " tag="024">
      <subfield code="a">http://hdl.handle.net/2072/474092</subfield>
   </datafield>
   <datafield tag="653" ind2=" " ind1=" ">
      <subfield code="a">Indicadors de qualitat</subfield>
   </datafield>
   <datafield tag="653" ind2=" " ind1=" ">
      <subfield code="a">Serveis bibliotecaris</subfield>
   </datafield>
   <datafield tag="653" ind2=" " ind1=" ">
      <subfield code="a">Grau de satisfacció</subfield>
   </datafield>
   <datafield tag="653" ind2=" " ind1=" ">
      <subfield code="a">Avaluació de biblioteques</subfield>
   </datafield>
   <datafield tag="653" ind2=" " ind1=" ">
      <subfield code="a">Quality indicators</subfield>
   </datafield>
   <datafield tag="653" ind2=" " ind1=" ">
      <subfield code="a">Library services</subfield>
   </datafield>
   <datafield tag="653" ind2=" " ind1=" ">
      <subfield code="a">Satisfaction degree</subfield>
   </datafield>
   <datafield tag="653" ind2=" " ind1=" ">
      <subfield code="a">Library evaluation</subfield>
   </datafield>
   <datafield ind2="0" ind1="0" tag="245">
      <subfield code="a">Viabilitat de la incorporació de l'indicador NPS en l'entorn bibliotecari : Revisió d'ús i descripció d'una experiència</subfield>
   </datafield>
</record></metadata></record></GetRecord></OAI-PMH>